[Event "AUTO-OPEN-4643"]
[Site "http://www.queenalice.com/game.php?id=1870487"]
[Date "2026.3.13"]
[Round "1"]
[White "dosoldini"]
[Black "maurice916"]
[Result "0-1"]
[WhiteElo "1665"]
[BlackElo "1845"]

1. e4 c6 2. Nf3 d5 3. e5 Bg4 4. h3 Bh5 5. g4 Bg6 6. d4 h6 7. Bg2 e6 8. Bd2 c5 9.
O-O cxd4 10. Nxd4 Bc5 11. Be3 Ne7 12. g5 Nbc6 13. Nxc6 Nxc6 14. Bxc5 Nxe5 15.
Nc3 Nc6 16. Re1 Ne7 17. Nb5 O-O 18. Qd4 Nc6 19. Qd3 Bxd3 20. cxd3 a6 21. Bxf8
Kxf8 22. Nc3 Qxg5 23. Ne2 Rb8 0-1

[Event "AUTO-OPEN-4643"]
[Site "http://www.queenalice.com/game.php?id=1870522"]
[Date "2026.3.13"]
[Round "1"]
[White "dosoldini"]
[Black "EduardoRo"]
[Result "1-0"]
[WhiteElo "1665"]
[BlackElo "1355"]

1. e4 e5 2. Nc3 c6 3. Nf3 d6 4. h3 Nf6 5. d4 Nbd7 6. Bc4 d5 7. Bb3 Bb4 8. Qd3
dxe4 9. Qe3 O-O 10. a3 Bxc3+ 11. Qxc3 Qe7 12. Nh4 Kh8 13. Nf5 exd4 14. Qg3 Nh5
15. Qg4 g6 16. Nxe7 Nc5 17. Qg5 Nxb3 18. g4 Ng7 19. cxb3 Ne6 20. Qf6+ Ng7 21.
Bh6 Rg8 22. Nxg8 Kxg8 23. Qxg7# 1-0

[Event "AUTO-OPEN-4643"]
[Site "http://www.queenalice.com/game.php?id=1870523"]
[Date "2026.3.13"]
[Round "1"]
[White "EduardoRo"]
[Black "dosoldini"]
[Result "0-1"]
[WhiteElo "1361"]
[BlackElo "1656"]

1. e4 e5 2. Nf3 Nc6 3. Bc4 Nf6 4. d3 d5 5. exd5 Nd4 6. Nxe5 b5 7. c3 bxc4 8.
dxc4 Nf5 9. Qe2 Be7 10. O-O O-O 11. Bg5 Nd6 12. Bxf6 Bxf6 13. Nd2 Bxe5 14. Qxe5
Re8 15. Qg3 Re7 16. Nf3 Bf5 17. Nh4 Qe8 18. b3 Ne4 19. Qd3 Qd7 20. b4 Nd6 21.
Qd4 Re4 22. Qxe4 Bxe4 23. Rfe1 Qg4 24. f3 Qxh4 25. fxe4 Nxc4 26. a4 Re8 27. g3
Qg4 28. b5 Ne5 29. Re3 h5 30. Rc1 Qh3 31. Rce1 Ng4 32. R3e2 Rxe4 0-1

[Event "AUTO-OPEN-4645"]
[Site "http://www.queenalice.com/game.php?id=1871106"]
[Date "2026.3.28"]
[Round "1"]
[White "EduardoRo"]
[Black "dosoldini"]
[Result "1-0"]
[WhiteElo "1676"]
[BlackElo "1650"]

1. e4 e5 2. Nf3 Nc6 3. Bc4 h6 4. O-O Nge7 5. c3 f5 6. exf5 Nxf5 7. d3 d6 8. Be3
a6 9. d4 e4 10. Nfd2 d5 11. b4 b5 12. Bb3 g6 13. Qe2 Qd6 14. g3 Bg7 15. f3 Be6
16. fxe4 Nxe3 17. Qxe3 O-O-O 18. Nf3 Qd7 19. Ne5 Nxe5 20. dxe5 Bxe5 21. Qa7 Qd6
22. a4 dxe4 23. Bxe6+ Qxe6 24. Rf2 Kd7 25. Nd2 Bxc3 26. Re1 Bxd2 27. Rxd2+ Ke7
28. Qc5+ Ke8 29. Rxd8+ Kxd8 30. Qd4+ Ke7 31. Qxh8 Qg4 32. Qg7+ Ke6 33. Qxc7 bxa4
34. Qc8+ 1-0

[Event "AUTO-OPEN-4645"]
[Site "http://www.queenalice.com/game.php?id=1871107"]
[Date "2026.3.28"]
[Round "1"]
[White "dosoldini"]
[Black "EduardoRo"]
[Result "1-0"]
[WhiteElo "1632"]
[BlackElo "1678"]

1. e4 e5 2. Bc4 Nf6 3. Nf3 Nc6 4. a3 Bc5 5. Ng5 O-O 6. d3 d6 7. h3 a6 8. Nc3 b5
9. Bd5 Nxd5 10. Qh5 h6 11. Nxd5 Be6 12. Nxe6 fxe6 13. Ne3 Qf6 14. O-O Nd4 15.
Ng4 Nf3+ 16. gxf3 Qxf3 17. Qg6 Bxf2+ 18. Nxf2 Rf6 19. Qg4 Qxg4+ 20. Nxg4 Rxf1+
21. Kxf1 Rf8+ 22. Nf2 g5 23. Be3 c5 24. Ke2 Rc8 25. c3 d5 26. Ng4 d4 27. Bd2 Kg7
28. Nxe5 dxc3 29. Bxc3 Kf6 30. Rf1+ Ke7 31. Ng6+ Kd7 32. Rf7+ Kd6 33. Be5+ 1-0

[Event "AUTO-OPEN-4647"]
[Site "http://www.queenalice.com/game.php?id=1871684"]
[Date "2026.4.8"]
[Round "1"]
[White "dosoldini"]
[Black "bmax"]
[Result "0-1"]
[WhiteElo "1618"]
[BlackElo "2274"]

1. e4 c6 2. Nf3 d5 3. Ne5 dxe4 4. Nxf7 Kxf7 5. d3 Nf6 6. h3 e5 7. Qe2 exd3 8.
cxd3 Bb4+ 9. Bd2 Bxd2+ 10. Nxd2 Re8 11. O-O-O Be6 12. Nc4 c5 13. Qxe5 Bxc4 14.
Qxc5 Bxa2 0-1

[Event "AUTO-OPEN-4647"]
[Site "http://www.queenalice.com/game.php?id=1871685"]
[Date "2026.4.8"]
[Round "1"]
[White "bmax"]
[Black "dosoldini"]
[Result "1-0"]
[WhiteElo "2273"]
[BlackElo "1620"]

1. d4 d5 2. Nf3 Nf6 3. e3 Bf5 4. Bd3 Bxd3 5. Qxd3 Nfd7 6. e4 dxe4 7. Qxe4 Nf6 8.
Qxb7 Nbd7 9. O-O Nb6 10. Bf4 Nbd5 11. Qc6+ Nd7 12. Qxd5 e6 13. Qc6 1-0

[Event "AUTO-ADV-4929"]
[Site "http://www.queenalice.com/game.php?id=1871739"]
[Date "2026.4.8"]
[Round "1"]
[White "zubarev"]
[Black "dosoldini"]
[Result "1-0"]
[WhiteElo "1988"]
[BlackElo "1625"]

1. d4 d5 2. Nc3 a6 3. e3 Bd7 4. Nf3 e6 5. Ne5 Qe7 6. f4 Qf6 7. Bd3 Bd6 8. O-O
Nc6 9. Bd2 O-O-O 10. Qe2 g6 11. Ng4 Qg7 12. Rac1 f5 13. Ne5 Bxe5 14. fxe5 Nxe5
15. dxe5 Qxe5 16. Nd1 Nf6 17. Bc3 d4 18. Bxd4 Qd6 19. Bxf6 1-0

[Event "AUTO-ADV-4929"]
[Site "http://www.queenalice.com/game.php?id=1871740"]
[Date "2026.4.8"]
[Round "1"]
[White "dosoldini"]
[Black "zubarev"]
[Result "0-1"]
[WhiteElo "1623"]
[BlackElo "1970"]

1. e4 e5 2. Nf3 Nc6 3. Bc4 d6 4. Nc3 Be7 5. Nd5 Nf6 6. Ng5 Nxd5 7. Bxd5 Bxg5 8.
Qf3 O-O 9. h4 Nd4 10. Qd3 Bf6 11. c3 Ne6 12. Qf3 Nc5 13. b4 Ne6 14. Bb2 c6 15.
Bb3 Nf4 16. g3 Ne6 17. O-O-O a5 18. Bxe6 Bxe6 19. g4 Bxh4 20. Qh3 g5 21. Rdg1
Qf6 22. f3 Bxa2 23. Kc2 Qe6 0-1

[Event "AUTO-INT-3966"]
[Site "http://www.queenalice.com/game.php?id=1872065"]
[Date "2026.4.16"]
[Round "1"]
[White "dosoldini"]
[Black "SGF"]
[Result "1-0"]
[WhiteElo "1603"]
[BlackElo "1660"]

1. e4 e5 2. Nf3 Qf6 3. Nc3 c6 4. a3 d6 5. d4 h6 6. Bc4 Be7 7. h3 b5 8. Bd5 a6 9.
Bb3 a5 10. Qd3 a4 11. Ba2 Ba6 12. Qe3 exd4 13. Nxd4 Qg5 14. Qf3 Qf6 15. Nf5 Nd7
16. Qg3 g5 17. Be3 c5 18. Nd5 Qxb2 19. O-O b4 20. Nc7+ Kd8 21. Nxa8 Bxf1 22.
Rxf1 Qxa2 23. axb4 Qxc2 24. Nxe7 Nxe7 25. Qxd6 Qxe4 26. Bxc5 Qxa8 27. Qxe7+ Kc7
28. Qd6+ Kd8 29. Bb6+ Ke8 30. Re1+ Ne5 31. Rxe5# 1-0

[Event "AUTO-INT-3966"]
[Site "http://www.queenalice.com/game.php?id=1872066"]
[Date "2026.4.16"]
[Round "1"]
[White "SGF"]
[Black "dosoldini"]
[Result "0-1"]
[WhiteElo "1680"]
[BlackElo "1583"]

1. e4 e5 2. Qf3 Nf6 3. Be2 d5 4. d3 Bd6 5. exd5 c6 6. dxc6 Nxc6 7. c3 h6 8. b4
Bg4 9. Qg3 e4 10. Qe3 Qc7 11. f3 Bf4 12. Qc5 Bd6 13. Qb5 a6 14. Qa4 Bxh2 15. b5
O-O 16. bxc6 Qg3+ 17. Kd1 Qxg2 18. cxb7 Rab8 19. Qxa6 Qxh1 20. fxg4 Qxg1+ 21.
Kd2 Bf4+ 22. Kc2 Qxc1+ 23. Kb3 exd3 24. Bxd3 Rfd8 25. a3 Qd1+ 26. Bc2 Qd5+ 27.
c4 Qf3+ 28. Nc3 Bd2 29. Rg1 Qxc3+ 30. Ka2 Qxc2+ 31. Ka1 Bc3# 0-1